<?xml version="1.0" encoding="UTF-8"?>
<collection xmlns="http://www.loc.gov/MARC21/slim">
 <record>
  <leader>     na                 </leader>
  <controlfield tag="001">INLIS000000000000672</controlfield>
  <controlfield tag="005">20220113091456</controlfield>
  <controlfield tag="035">$a 0010-0122000006</controlfield>
  <controlfield tag="245">$a KKPK: Satu hari tanpa bunda /$c Maghfira aulia</controlfield>
  <controlfield tag="100">$a Maghfira aulia</controlfield>
  <controlfield tag="300">$a 88 hlm : $b ilust ; $c 14.5 x 21 cm</controlfield>
  <controlfield tag="260">$a Bandung :$b Muffin graphics,$c 2021</controlfield>
  <controlfield tag="082">$a 813</controlfield>
  <controlfield tag="084">$a 813 MAG k</controlfield>
  <controlfield tag="020">$a 978-602-420-970-4</controlfield>
  <controlfield tag="990">$a 0308/2021</controlfield>
  <controlfield tag="990">$a 0309/2021</controlfield>
 </record>
</collection>
